| 000 | 01040cab a2200325 4500 | ||
|---|---|---|---|
| 001 | WB3232-06 | ||
| 008 | 090401t1996 xxu||||| |||| 00| 0 eng d | ||
| 035 | _a(Sirsi) u73638 | ||
| 041 | _aeng | ||
| 245 | _aFooting the bill | ||
| 260 | _c1996 | ||
| 350 | _a0 | ||
| 490 |
_aNew Civil Engineer _v(1186) 22 August 1996, 58(2) |
||
| 520 | _aBuilding owners can seek redress for remedial faults even if their contractors become insolvent, thanks to a new type of insurance for underpinning contractors. | ||
| 650 | _aASSOCIATION OF UNDERPINNING CONTRACTORS | ||
| 650 | _aBUILDING RESEARCH ESTABLISHMENT | ||
| 650 | _aGUARANTEES | ||
| 650 | _aINSOLVENCY GUARANTEES | ||
| 650 | _aINSOLVENCY INSURANCE | ||
| 650 | _aINSTITUTION OF STRUCTURAL ENGINEERS | ||
| 650 | _aNHBC | ||
| 650 | _aREMEDIAL WORK | ||
| 650 | _aREPAIR WORK | ||
| 650 | _aUNDERPINNING CONTRACTORS | ||
| 650 | _aUNDERPINNING | ||
| 650 | _aWARRANTIES | ||
| 690 | _aBUILDING AND CONSTRUCTION-REPAIRS AND MAINTENANCE | ||
| 942 | _n0 | ||
| 948 | _c04/03/1997 | ||
| 999 |
_c46508 _d46508 |
||